Cirkulární telegramy 1920-1935

Bibliographic Details
Main Authors: Beneš, Edvard, 1884-1948 (Author), Dejmek, Jindřich, 1965- (Adapter)
Format: Book
Language:Czech
PhysicalDescription:277 strán 21 cm
Published: Praha Společnost Edvarda Beneše 2002
ISBN:8086107175
Edition:První vydání
Series:Knižnice Společnosti Edvarda Beneše
Subjects:

MARC

LEADER 00000cam a2200000 4500
001 vtls008582974
003 SK-MaSNL
005 20260311132736.0
008 200316s2002 xr gr 001 0 cze
015 |a SNBZSA2018/08 
020 |a 8086107175  |q (brožované) 
035 |a SAVUKc175071 
035 |a urn:nbn:sk:snk-am3i2m6 
035 |a 4834F996-AF7D-4E81-BBA0-3B50188C5C09 
035 |a urn:nbn:sk:snk-am00dhog 
040 |a SNK  |b slo  |c SNK  |e rda 
041 1 |a cze 
043 |a e-cs--- 
044 |a xr  |c CZ 
072 7 |a 94(437)  |x Dejiny Československa  |2 2011 
080 |a 32-051  |2 2011 
080 |a (437)  |2 2011 
080 |a (044)  |2 2011 
080 |a (093)  |2 2011 
100 1 |a Beneš, Edvard,  |d 1884-1948  |4 aut  |9 110633 
245 1 0 |a Cirkulární telegramy 1920-1935  |c Edvard Beneš ; z dokumentů archivu ministerstva zahraničních věcí České republiky k vydání připravil Jindřich Dejmek 
250 |a První vydání 
264 1 |a Praha  |b Společnost Edvarda Beneše  |c 2002 
300 |a 277 strán  |c 21 cm 
336 |a text  |b txt  |2 rdacontent 
337 |a bez média  |b n  |2 rdamedia 
338 |a zväzok  |b nc  |2 rdacarrier 
490 1 |a Knižnice Společnosti Edvarda Beneše  |v svazek 25 
504 |a Poznámky ; menný register 
600 1 7 |a Beneš, Edvard,  |d 1884-1948  |2 SNKMA  |9 110633 
610 2 7 |a Česko.  |b Ministerstvo zahraničních věcí  |2 SNKKA  |9 79037 
648 7 |a 1920-1935  |2 SNKPH  |9 491441 
650 0 7 |a prezidenti  |2 SNKPH  |9 4128 
650 0 7 |a Presidents  |2 SNKPHeng  |9 277474 
651 7 |a Československo  |2 SNKPHgeo  |9 21376 
651 7 |a Czechoslovakia  |2 SNKPHeng  |9 265183 
655 7 |a korešpondencia  |2 SNKPH  |9 60843 
655 7 |a dokumenty  |2 SNKPH  |9 70482 
655 7 |a Documents  |2 SNKPHeng  |9 277725 
655 7 |a Correspondence  |2 SNKPHeng  |9 279019 
700 1 |a Dejmek, Jindřich,  |d 1965-  |4 adp  |9 236210 
830 0 |a Knižnice Společnosti Edvarda Beneše  |9 334907 
919 |a 80-86107-17-5 
958 |a ZS 
958 |a CZ 
958 |a BC 
999 |c 823877  |d 825807 
952 |a SNK  |b SNK  |y PREZ  |7 0  |p 17A1333874  |o snkSD 87479  |i snk2018/15147  |8 2  |g 6.46  |0 0  |1 0  |4 0  |d 2018-04-20  |f 1  |l 0  |r 2026-02-24 03:14:47  |w 2026-02-24